Szymi Szyms - wszystkie utwory - Statystyki

Ogólne statystyki
  • Ten quiz został rozwiązany 6 razy
  • Średni wynik to 39 z 81
Statystyki odpowiedzi
Uwagi Odpowiedź % Poprawnych
x OsaKa Yakuza
100%
2tay_indahouse
60%
All Black
60%
BAIZEL
60%
BIAŁY ROOM
60%
x OsaKa Bletki Kolorowe
60%
Bolec
60%
Borgin & Burkes
60%
Brzydkie
60%
Byle jaki
60%
x OsaKa Dawaj młody
60%
Dynamit2 (we got it)
60%
Fox Kids
60%
Furiza
60%
x OsaKa Gibony w gaciach
60%
Intro
60%
x OsaKa Jamnik
60%
Kameleon
60%
Kirigakure
60%
Kochaj albo zabij
60%
Koją
60%
lowk1ck
60%
Lubię być sobą (sober)
60%
Mayday
60%
x OsaKa Mitsuki
60%
Bonus MŁODY SZYMSIOR
60%
NOWY ŚWIAT to MÓJ NOWY PROBLEM
60%
Oczy dookoła głowy
60%
Outro
60%
Oxymoron
60%
Paryż, 2019
60%
x OsaKa Piri Piri
60%
Podziel ból
60%
R'N'L
60%
STAYPE2: Intro
60%
STAYPE2: Outro (Autobiografia)
60%
TDML
60%
Thx Outro
60%
Tokio Drift
60%
WEŹ NIE ŻARTUJ
60%
WUNDERWAFFE
60%
x OsaKa X2
60%
Zabij mnie
60%
Z moim logiem
60%
ŻSM
60%
Bonus 27 i pół (Jestem duży)
40%
x OsaKa Afri
40%
Asakura
40%
Balasów
40%
BULLERBYN
40%
x OsaKa Dwa serca
40%
Głupie nawyki
40%
x OsaKa Grzyby
40%
x OsaKa Hipopotam
40%
Jakoś to będzie
40%
Kiedyś poznałem
40%
Muza, tripy, luźne życie
40%
Bonus POLSCE
40%
x OsaKa Tak czy inaczej
40%
Tak jest
40%
Tarantule
40%
To jest mój flex
40%
WARZONE
40%
x OsaKa Widać po mnie
40%
Wiozę flow do Polski
40%
x OsaKa Włóczykij
40%
W serce
40%
Zacznij kruszyć topy
40%
x OsaKa Ziewam
40%
x OsaKa Bakayoro
20%
CCTV
20%
x OsaKa Letsssgoo
20%
x OsaKa Lubię to najbardziej
20%
NIE MAM
20%
Przerwa na Gibraltar
20%
Ryż i kurczak
20%
Salam alaykum
20%
x OsaKa W kapturze
20%
ZMIANY
20%
x OsaKa Wolverine
0%
x OsaKa Zaprogramowany
0%
Nie znaleziono quizów pasujących do podanych kryteriów
Rozkład punktacji
Procent ludzi z każdym wynikiem
Percentyl według liczby udzielonych odpowiedzi
Twoja historia wyników
Nie rozwiązałeś tego quizu